| 000 | 00392 a2200157 4500 | ||
|---|---|---|---|
| 001 | 165191 | ||
| 020 | _a | ||
| 040 | _cMagnum | ||
| 100 | _aManacorda, Mario Alighiero | ||
| 240 | 1 | 0 |
_aHistoria da educacao: da antiguidade aos nossos dias _lpor |
| 245 | 1 | 0 | _aHistoria da educacao: da antiguidade aos nossos dias |
| 362 | 0 | _a1899 | |
| 440 | 1 | _aCortez | |
| 697 | _aPEDAGOGIA | ||
| 942 | _cBK | ||
| 999 |
_c165191 _d165191 |
||